Los derechos del hombre de Thomas Paine
-д хадгалсан:
| Үндсэн зохиолч: | |
|---|---|
| Формат: | Ном |
| Хэл сонгох: | испани |
| Хэвлэсэн: |
Barcelona
Penguin Random House
2016
|
| Хэвлэл: | 1a. ed |
| Цуврал: | Debate Sociedad
|
| Нөхцлүүд: | |
| Шошгууд: |
Шошго нэмэх
Шошго байхгүй, Энэхүү баримтыг шошголох эхний хүн болох!
|
MARC
| LEADER | 00000cam a2200000 a 4500 | ||
|---|---|---|---|
| 001 | UCC8988 | ||
| 003 | CL-VaPUC | ||
| 008 | 190830e20160000sp |||||||||||||||||spa|d | ||
| 020 | |a 9788483067918 | ||
| 082 | 0 | 4 | |a 320.51092 |b HIT |2 21 |
| 100 | |a Hitchens, Christopher |e author |9 603730 | ||
| 245 | 1 | 4 | |a Los derechos del hombre de Thomas Paine |
| 250 | |a 1a. ed | ||
| 300 | |a 249 p | ||
| 942 | |c BK | ||
| 945 | |d 20190830 10:52:00 |a dcastane | ||
| 260 | |a Barcelona |b Penguin Random House |c 2016 | ||
| 650 | 0 | |a Ciencias Políticas |9 255201 | |
| 650 | 0 | |a Liberalismo |9 255715 | |
| 650 | 0 | |a Derechos humanos |9 223025 | |
| 583 | |a last modification |c 20190830 10:52:00 |k Rodrigo Vera | ||
| 490 | 0 | |a Debate Sociedad | |
| 999 | |c 375183 |d 375181 | ||
| 952 | |0 0 |1 0 |3 erd |4 0 |6 320_510920000000000_HIT_2016 |7 0 |8 WP_COW |9 561127 |a BIBDER |b BIBDER |e Fundación W and P Cowley |i 5597404 |o 320.51092 HIT 2016 |p 5597404 |r 2023-01-25 |w 2020-03-12 |y BK |z Catalogado en:20190830 |k WPC | ||